000 00397nam a22001577a 4500
020 _a9780984406340
082 _a954.9122 CAS
100 _aCasey, Ethan
245 _aAlive and well in Pakistan: A human journey in a dangerous time
250 _a10th ed.
260 _aUSA
_bBlue Ear Books
_c1988
300 _a281 p.
500 _aIncludes index
650 _aPakistan---Journey
942 _cBK
999 _c13003
_d13003